Sports Quiz

Random Sports or Company Quiz

Active Japanese Pro-Wrestling Companies Quiz Stats

Quiz not verified by Sporcle

Challenge
Share
Tweet
Embed
Score 0/26 Timer 07:00
1 Play Today
Wrestler Promotion % Correct
Tanahashi HiroshiNew Japan Pro-Wrestling
98.3%
Kojima SatoshiAll Japan Pro-Wrestling
96.7%
Marufuji NaomichiPro-Wrestling NOAH
89.2%
CIMADragon Gate Pro-Wrestling
81.7%
The Great SasukeMichinoku Pro-Wrestling
71.8%
Ibushi KoutaDramatic Dream Team
63.9%
Tanaka MasatoPro-Wrestling ZERO1
58.5%
Itou RyuujiBig Japan Pro-Wrestling
57.7%
Magnum TOKYOHustle Fighting Opera
43.2%
Billy Ken KidOsaka Pro-Wrestling
37.8%
TAKA MichinokuKAIENTAI-DOJO
34%
Ogawa NaoyaInoki Genome Federation
27.8%
Nakajima KatsuhikoKensuke Office Pro-Wrestling
22.4%
Wrestler Promotion % Correct
RihoIce Ribbon
19.5%
Ishikawa YuukiBattlarts
17.4%
Fujinami TatsumiDradition
14.1%
Sayama SatoruReal Japan Pro-Wrestling
13.3%
Satomura MeikoSENDAI Girls' Pro-Wrestling
12.9%
Hyuuga AzumiJWP Women's Pro-Wrestling
11.6%
Ozaki MayumiOZ Academy Women's Pro-Wrestling
11.6%
GAMIPro-Wrestling WAVE
10%
Harley SaitouLady's Legend Pro-Wrestling
9.1%
Inoue KyoukoNEO Women's Pro-Wrestling
8.7%
Shinobu666
8.7%
Murakami KazunariBig Mouth Loud
6.6%
Yoshida MarikoIbuki
3.3%

You're not logged in!

Compare scores with friends on all Sporcle quizzes.
Sign Up with Email
OR
Log In

You Might Also Like...

Show Comments

Extras

Top Quizzes Today


Score Distribution

Your Account Isn't Verified!

In order to create a playlist on Sporcle, you need to verify the email address you used during registration. Go to your Sporcle Settings to finish the process.

Report this User

Report this user for behavior that violates our Community Guidelines.

Details: